| 000 | 01962nam a2200421 c 4500 | ||
|---|---|---|---|
| 003 | BLK | ||
| 005 | 20181006141858.0 | ||
| 008 | 180413b bul|||||r ||||||| ||bul|| | ||
| 010 | _aKNG00020063000 | ||
| 020 |
_a978-954-535-568-4 _bиздат.: Нов бълг. унив. - на том |
||
| 040 | _aBLK | ||
| 041 |
_aBUL _cBUL |
||
| 072 | 7 |
_2bullib _aН15 _xПсихология Н |
|
| 080 |
_aПсихоанализа _b159.964.2 _x(075.8) _z159.964.2(075.8) |
||
| 080 |
_aПсихоанализата като лечебно средство _b615.851.13 _x(075.8) _z615.851.13(075.8) |
||
| 100 | 1 |
_aТоме, Хелмут _eпърви автор _9130016 |
|
| 700 | 1 |
_aКехеле, Хорст _eсъавт. _978491 |
|
| 700 | 1 |
_aДраганов, Драгомир _eпрев. на том _9365220 |
|
| 700 | 1 |
_aДелчева, Майа _eпрев. на том _9262513 |
|
| 139 |
_aТоме, Хелмут и др. _bТ 69 |
||
| 245 | 1 | 0 |
_aУчебник по психоаналитична терапия _bТ. 1 - _cХелмут Томе; съавт. Хорст Кехеле; прев. на том Драгомир Драганов; прев. на том Майа Делчева. _nТ. 1 _pОснови |
| 257 | _aDEU | ||
| 260 |
_аСофия _c2010 _fСофия : Селекта |
||
| 300 | _c28 см | ||
| 380 | _a1 | ||
| 500 | _aОриг. загл.: Lehrbuch der Psychoanalytischen Therapie / Helmut Thoma", Horst Kachele. | ||
| 650 | 4 |
_aПсихотерапия - учебници за ВУЗ _9250121 |
|
| 650 | 4 |
_aПсихоанализа - учебници за ВУЗ _9250120 |
|
| 653 | _aпсихотерапия | ||
| 653 | _aпсихоанализа | ||
| 659 | _aН | ||
| 760 | 1 |
_3- на том _aТоме, Хелмут _dНов бълг. унив., 2010 _h486 с. _nБиблиогр. с. 447-486 _tТ. 1 Основи |
|
| 852 | _aЦб ІІ 16647 | ||
| 856 | 4 |
_qpdf _u |
|
| 856 | 4 |
_qpdf _u |
|
| 942 |
_cKNG _n0 _01 |
||
| 944 |
_aCR _c22.03.2011 _kМилена_Ачева |
||
| 944 |
_aED _c28.07.2011 _k |
||
| 999 |
_c18047 _d18047 |
||